Instrucciones para la navegación del Archipiélago de las Carolinas, incluyendo el grupo de las Palaos (Record no. 153857)

MARC details
000 -LEADER
campo de control de longitud fija 00811nam a2200169 i 4500
001 - NÚMERO DE CONTROL
campo de control 153857
003 - IDENTIFICADOR DE NÚMERO DE CONTROL
campo de control ES-MaACL
005 - FECHA Y HORA DE LA ÚLTIMA TRANSACCIÓN
campo de control 20230906205416.0
008 - DATOS DE LONGITUD FIJA--INFORMACIÓN GENERAL
campo de control de longitud fija 990126s1886 sp |||| | spa d
040 ## - FUENTE DE CATALOGACIÓN
Centro catalogador/agencia de origen CCPB | B
Lengua de catalogación spa
Centro/agencia transcriptor CCPB | B
080 ## - NÚMERO DE LA CLASIFICACIÓN DECIMAL UNIVERSAL
Número de la Clasificación Decimal Universal 912(966 Carolinas, islas):656.618
245 00 - MENCIÓN DEL TÍTULO
Título Instrucciones para la navegación del Archipiélago de las Carolinas, incluyendo el grupo de las Palaos
Resto del título : traducido de la publicación oficial inglesa de 1885, volumen I, Pacific Islands, y aumentada con las noticias posteriores existentes en la Dirección de Hidrografía.
260 ## - PUBLICACIÓN, DISTRIBUCIÓN, ETC.
Lugar de publicación, distribución, etc. Madrid :
Nombre del editor, distribuidor, etc. Dirección de Hidrografía,
Fecha de publicación, distribución, etc. 1886 (
Fabricante Imp. de Fortanet)
300 ## - DESCRIPCIÓN FÍSICA
Extensión 54 p. ;
Dimensiones 25 p.
650 #4 - PUNTO DE ACCESO ADICIONAL DE MATERIA--TÉRMINO DE MATERIA
Término de materia o nombre geográfico como elemento de entrada Derroteros-
Subdivisión geográfica Carolinas (Islas)
9 (RLIN) 157086
852 ## - LOCALIZACIÓN
Ubicación ES-MaACL
Número de control de estantería G-11303
Nota libre . - Enc. hol., conservando cub. original
Holdings
Estatus retirado Estado de pérdida Estado de daño No para préstamo Colección Biblioteca de origen Biblioteca actual Ubicación en estantería Fecha de adquisición Fuente de adquisición Total de préstamos Signatura topográfica completa Código de barras Visto por última vez Precio de reemplazo Tipo de ítem Koha
        Libros del s. XIX Biblioteca del Ateneo de Madrid Biblioteca del Ateneo de Madrid Sala Pecera Planta 3 17/01/2008     G-11303 1160859 23/02/2023 23/02/2023 Libro impreso antiguo